|
|
|
|
| LEADER |
00870nab a2200229 i 4500 |
| 001 |
misc64075 |
| 005 |
20230427082738.0 |
| 008 |
221207s1939 hu o 0|| hun d |
| 040 |
|
|
|a SZTE Miscellanea Repozitórium
|b hun
|
| 041 |
|
|
|a hun
|
| 100 |
1 |
|
|a Németh Gyula
|
| 245 |
1 |
2 |
|a A magyar népnév, a magyar törzsnevek, a kazár népnév
|h [elektronikus dokumentum] /
|c Németh Gyula
|
| 260 |
|
|
|c 1939
|
| 300 |
|
|
|a 63-71
|c 30 cm
|
| 300 |
|
|
|a [9] p.
|c 30 cm
|
| 490 |
0 |
|
|a Magyar nyelv : a Magyar Nyelvtudományi Társaság folyóirata
|
| 561 |
|
|
|a Németh Gyula hagyaték
|
| 591 |
|
|
|a NOA 4255
|
| 650 |
|
4 |
|a Bölcsészettudományok
|
| 650 |
|
4 |
|a Nyelvek és irodalom
|
| 695 |
|
|
|a Népnév - magyar - etimológia, Törzsnevek - magyar - etimológia, Népnév - kazár - etimológia
|
| 856 |
4 |
0 |
|u http://misc.bibl.u-szeged.hu/64075/1/4255_noa.pdf
|z Dokumentum-elérés
|